MARC

LEADER 00000nam0a2200000 4500
001 362539
005 20231102011512.0
035 |a (RuTPU)RU\TPU\retro\19885 
090 |a 362539 
100 |a 20210729d1980 km y0rusy50 ca 
101 0 |a rus 
102 |a RU 
105 |a a z 100zy 
200 1 |a Мантийные ксенолиты и проблемы ультраосновных магм  |e тезисы докладов Всесоюзного симпозиума, 27-29 октября 1980 г., Новосибирск  |f Академия наук СССР ; Академия наук СССР, Сибирское отделение, Институт геологии и геофизики ; отв. ред. Ю. Р. Васильев 
210 |a Новосибирск  |c Изд-во СО АН СССР  |d 1980 
215 |a 170 с.  |c табл. 
606 1 |a Ксенолиты  |2 stltpush  |3 (RuTPU)RU\TPU\subj\16586  |9 42547 
610 1 |a симпозиумы 
610 1 |a мантийные ксенолиты 
610 1 |a ультраосновные магматиты 
610 1 |a петрология 
610 1 |a верхняя мантия 
610 1 |a земная кора 
610 1 |a минералогия 
610 1 |a петрохимия 
675 |a 552.11(063)  |v 4 
702 1 |a Васильев  |b Ю. Р.  |4 340 
712 0 2 |a Академия наук СССР  |c (Ленинград/Москва)  |c (1925-1991)  |2 stltpush  |3 (RuTPU)RU\TPU\col\722  |9 23473 
712 0 2 |a Академия наук СССР  |b Сибирское отделение  |b Институт геологии и геофизики  |c (Новосибирск)  |c (1957-1990)  |2 stltpush  |3 (RuTPU)RU\TPU\col\128  |9 23211 
712 1 2 |a Мантийные ксенолиты и проблемы ультраосновных магм  |c симпозиумы  |e Новосибирск  |f 1980  |4 570 
801 1 |a RU  |b 63413507  |c 20210729 
942 |c BK